01381nam a22001457a 450000500170000000800410001704100120005808200160007010000160008624500260010226000590012830000080018752010270019565000130122220240515120138.0240423b |||||||| |||| 00| 0 eng d aEnglish a746.33bREI aResifeld A. aWarp Knit Engineering aNew YorkbNational Knitted Outerwear Associationc1966 a467 aChapter 1 What is Warp Knitting? Chapter 2 Warp Knitting vs. Weaving Chapter 3 Raw Materials of Warp Knitting Chapter 4 Influence of Yarn Variables on Warp Knitting Chapter 5 Modified Yarns in Warp Knitting Chapter 6 Staple Fiber Yarns Used in Warp Knitting Chapter 7 Evaluating Yarns Used in Warp Knitting Chapter 8 Unconventional Fibers and Yarns Used in Warp Knitting Chapter 9 Classification of Warp knitting Equipment. Chapter 10 Needles and Guides in Warp Knitting Chapter 11 Fundamentals of Raschel Knitting Chapter 12 Fundamentals of Tricot Knitting Chapter 13 Tricot Machine Assemblies Chapter 14 Let-off Systems. Chapter 15 Warp Knitting Cam Systems Chapter 16 Tricot Jersey Fabrics Chapter 17 Basic Tricot Stitches Chapter 18 Special Presser Bar Fabrics Chapter 19 Color Designs in Warp Knit Fabrics Chapter 20 Warp Knit Meshes Chapter 21 Warp Knit Industrial Netting Chapter 22 Tuck Pile and Stretch Fabrics Chapter 23 Fabric Calculations and Parameters Chapter 24 Warping Index of Participating Advertisers  aKnitting